Evaluación económica de impactos ambientales : (Registro nro. 7996)
[ vista simple ]
| 000 -LEADER | |
|---|---|
| fixed length control field | 03219nam a2200265Ia 4500 |
| 003 - CONTROL NUMBER IDENTIFIER | |
| control field | OSt |
| 005 - DATE AND TIME OF LATEST TRANSACTION | |
| control field | 20210719180126.0 |
| 008 - FIXED-LENGTH DATA ELEMENTS--GENERAL INFORMATION | |
| fixed length control field | 210310s2007 ck ad gr 000 0dspa d |
| 020 ## - INTERNATIONAL STANDARD BOOK NUMBER | |
| International Standard Book Number | 9589801093 |
| 040 ## - CATALOGING SOURCE | |
| Original cataloging agency | CO-JMCR |
| Transcribing agency | CO-JMCR |
| 041 0# - LANGUAGE CODE | |
| Language code of text/sound track or separate title | spa |
| 082 04 - DEWEY DECIMAL CLASSIFICATION NUMBER | |
| Classification number | 333.714 / |
| Item number | C824e |
| Edition number | 23 |
| 100 1# - MAIN ENTRY--PERSONAL NAME | |
| Personal name | Correa Restrepo, Francisco, |
| 9 (RLIN) | 16034 |
| Relator term | autor |
| 245 10 - TITLE STATEMENT | |
| Title | Evaluación económica de impactos ambientales : |
| Remainder of title | una guía metodológica para la determinación de la tasa social de descuento / |
| Statement of responsibility, etc. | Francisco Correa Restrepo |
| 250 ## - EDITION STATEMENT | |
| Edition statement | Primera edición |
| 260 ## - PUBLICATION, DISTRIBUTION, ETC. | |
| Place of publication, distribution, etc. | Medellín : |
| Name of publisher, distributor, etc. | Universidad de Medellín, |
| Date of publication, distribution, etc. | 2007 |
| 300 ## - PHYSICAL DESCRIPTION | |
| Extent | 113 páginas : |
| Other physical details | ilustraciones y gráficas a blanco y negro ; |
| Dimensions | 25 cm. |
| 500 ## - GENERAL NOTE | |
| General note | Incluye datos biográficos del autor y notas a pie de página. |
| 504 ## - BIBLIOGRAPHY, ETC. NOTE | |
| Bibliography, etc. note | Bibliografía: páginas [109]-113 |
| 505 0# - FORMATTED CONTENTS NOTE | |
| Formatted contents note | La racionalidad del descuento -- El descuento en la evaluación de proyectos públicos: la tasa<br/>social descuento (TSD) -- La racionalidad del descuento desde una perspectiva<br/>ambiental -- La tasa de descuento y la ética intergeneracional -- Directrices metodológicas para determinar la tasa de descuento ambiental -- Estudio de caso: una aproximación a la valoración económica del impacto ambiental del proyecto Túnel de Occidente. |
| 520 3# - SUMMARY, ETC. | |
| Summary, etc. | El tiempo importa. Esta frase aunque simple resume un complejo debate al interior de la disciplina económica. De un lado, es discutible cualquier valoración de los flujos futuros de utilidad o ingreso a partir de la información presente. El tiempo es cambio y transformación. De allí que algunos economistas cuestionen<br/>seriamente la posibilidad de determinar las tasas de explotación óptimas de los recursos naturales asumiendo homogeneidad en las series temporales, mediante correcciones de los valores futuros por una tasa de descuento. Por otro lado, no se puede negar que las personas valoran las recompensas y los castigos dependiendo del momento en el cual los obtengan o los sufran. Un niño expresa una alta preferencia por obtener el objeto de su deseo inmediatamente y preferiría dilatar la fecha de un castigo. Por su parte, un gobierno promueve la explotación rápida del petróleo del subsuelo, entre tanto, una comunidad<br/>indígena prefiere dejarlo bajo la madre tierra. Todos estos ejemplos muestran que es necesario, por lo menos, como una primera aproximación entender el problema de la "impaciencia" o el "descuento temporal". El punto es tan crucial que Frank Ramsey, el creador de la teoría del crecimiento óptimo, consideraba<br/>que no descontar los disfrutes más lejanos en comparación de los más próximos carecía de sustento ético y reflejaba más bien una debilidad de nuestra imaginación. El libro que el lector tiene en sus manos es una introducción ilustrada a tan interesante debate. El gran valor de este trabajo, además del rigor académico y la claridad conceptual con que se plantea el tema, es que el autor logra develar la articulación entre la problemática ambiental y la tasa social de descuento obtenida a partir del costo de oportunidad de la inversión pública.<br/> |
| 650 14 - SUBJECT ADDED ENTRY--TOPICAL TERM | |
| Topical term or geographic name entry element | Economía ambiental |
| 9 (RLIN) | 16036 |
| 650 24 - SUBJECT ADDED ENTRY--TOPICAL TERM | |
| Topical term or geographic name entry element | Impacto ambiental |
| 9 (RLIN) | 36386 |
| 942 ## - ADDED ENTRY ELEMENTS (KOHA) | |
| Source of classification or shelving scheme | Dewey Decimal Classification |
| Koha item type | Books |
| Withdrawn status | Lost status | Source of classification or shelving scheme | Damaged status | Not for loan | Collection code | Home library | Current library | Date acquired | Source of acquisition | Full call number | Barcode | Date last seen | Copy number | Koha item type |
|---|---|---|---|---|---|---|---|---|---|---|---|---|---|---|
| Dewey Decimal Classification | Non-fiction | Biblioteca Pública José María del Castillo y Rada | Biblioteca Pública José María del Castillo y Rada | 04/15/2018 | Donación | 333.714 / C824e | 430003624 | 05/16/2024 | Ej.1 | Books |